Ricostruisci la Carriera del Calciatore - Riccardo Saponara - Statistics

Statistiche generali
  • Questo quiz è stato fatto 5 volte
  • Il punteggio medio è 3 su 13
Statistiche sulle risposte
Hint Risposta % Corretto
2009-2013 Empoli
50%
2008-2009 Ravenna
50%
2023-2024 Verona
50%
2015-2017 Empoli
25%
2017-2018 Fiorentina
25%
2020 Lecce
25%
2013-2015 Milan
25%
2024- Ankaragücü
0%
2020-2021 Fiorentina
0%
2021-2023 Fiorentina
0%
2019-2020 Genoa
0%
2018-2019 Sampdoria
0%
2021 Spezia
0%
Nessun quiz corrispondente trovato
Distribuzione punteggi
Percentuale di utenti per punteggio
Percentile per numero di risposta
I tuoi punteggi nel tempo
Non hai fatto questo quiz